Dynamický model CDS s odvětvově organizační strukturou

Guardado en:
Detalles Bibliográficos
Autor principal: Tlustý, Zdeněk
Formato: Libro
Lenguaje:checo
Publicado: Praha Výzkumný ústav plánování a řízení národního hospodářství 1980
Colección:Výzkumná práce č. 87
Etiquetas: Agregar Etiqueta
Sin Etiquetas, Sea el primero en etiquetar este registro!

MARC

LEADER 00000nam a2200000 4500
001 c142254
005 20181203150525.3
041 0 |a cze 
044 |a CZ 
245 1 0 |a Dynamický model CDS s odvětvově organizační strukturou  |c Zdeněk Tlustý 
264 1 |a Praha  |b Výzkumný ústav plánování a řízení národního hospodářství  |c 1980 
300 |a 118 s. 
490 1 |a Výzkumná práce  |v č. 87 
830 0 |a Výzkumná práce  |v č. 87 
100 1 |a Tlustý, Zdeněk